000 01084nam a22003497a 4500
001 000044021
003 CHAP
005 20220817042401.0
008 971013s1972 mx |r| 00010 spa d
010 _a42962
011 _a43934
035 _a48071
040 _cCHAP
090 _aFolleto 822 (Zac.)
110 2 _aMéxico. Dirección General del Inventario Nacional Forestal
245 1 0 _aInventario forestal del estado de Zacatecas.
260 _aMéxico, D.F. :
_bLa Dirección,
_c1972.
300 _a57 p. :
_b; mapas.
490 1 _aPublicación
_v; 22
590 _aBATCH-UPD
_b10
_c20130110
_lUCH01
_h1331
590 _aBATCH-UPD
_b10
_c20130410
_lUCH01
_h0836
590 _aBATCH-UPD
_b10
_c20130914
_lUCH01
_h0713
590 _aCONVERSION
_b10
_c20130109
_lUCH01
_h1324
590 _aE5995AHE
_b05
_c20141117
_lUCH01
_h1216
650 1 4 _aBosques
_xInventarios
_xZacatecas.
_914280
650 1 4 _aBosques
_xZacatecas.
_914412
830 0 _aPublicación
_v; 22
901 _aBK
942 _cFOLL
942 _n0
949 _aFolleto 822 Zac.
_bBC
_cFOLL
_d-109025
_eTS1
_i48071
_si
999 _c42962
_d42962